000
00396 a2200133 4500
000
nam a22 7a 4500
100
_a
चड्ढा, एन. के.
110
_a
चड्ढा, एन. के.
245
_a
इमोशनल इंटेलिजेंस
250
_a
latest edition
260
_b
The Readers Paradise
_c
2026
264
_b
The Readers Paradise
_c
2026
942
_c
BK
999
_c
396852
_d
396852